|
|
|
|
| LEADER |
01186nam a2200397 4500 |
| 001 |
DLU110120488 |
| 005 |
##20110505 |
| 008 |
##780209s1975 enka 001 0 eng |
| 010 |
# |
# |
|a 77376321
|
| 015 |
# |
# |
|a GB***
|
| 020 |
# |
# |
|a 0582552389 :
|c £3.00
|
| 035 |
# |
# |
|9 (DLC) 77376321
|
| 040 |
# |
# |
|a DLC
|c DLC
|d DLC
|
| 082 |
# |
# |
|a 428.2
|b LE-G
|
| 100 |
# |
# |
|a Leech, Geoffrey N.
|
| 245 |
# |
# |
|a A communicative grammar of English /
|c Geoffrey Leech, Jan Svartvik.
|
| 260 |
# |
# |
|a London :
|b Longman,
|c 1975.
|
| 300 |
# |
# |
|a 324 p. :
|b diagrs. ;
|c 24 cm.
|
| 500 |
# |
# |
|a "Based on A Grammar of contemporary English, by Randolph Quirk ... [et al.]"
|
| 500 |
# |
# |
|a Errata slip inserted.
|
| 500 |
# |
# |
|a Includes index.
|
| 650 |
# |
# |
|a English language
|x Grammar
|x Problems, exercises, etc.
|
| 650 |
# |
# |
|a English language
|x Textbooks for foreign speakers.
|
| 700 |
# |
# |
|a Svartvik, Jan,
|e joint author.
|
| 730 |
# |
# |
|a Grammar of contemporary English.
|
| 923 |
# |
# |
|a 01/2011NN
|
| 991 |
# |
# |
|a GT
|
| 992 |
# |
# |
|a 13000
|
| 994 |
# |
# |
|a KNN
|
| 900 |
# |
# |
|a True
|
| 911 |
# |
# |
|a Đào Thị Thu Huyền
|
| 925 |
# |
# |
|a G
|
| 926 |
# |
# |
|a A
|
| 927 |
# |
# |
|a SH
|
| 980 |
# |
# |
|a Thư viện Trường Đại học Đà Lạt
|